000
00306nam a22001217a 4500
020
_a
9789384726089
082
_a
001.42
_b
THO/RE
100
_a
Thomas,George C.
_9
1245
245
_a
Research Methodology and Scientific Writing
260
_a
New Delhi
_b
Ane Books Pvt.Ltd
_c
2015
300
_a
531
942
_c
BBS
999
_c
14711
_d
14711